History Quiz

Random History or Minefield Quiz
Score 0/11 Timer 05:00
23 Plays Today
Age President % Correct
70 years & 220 days???
85.4%
69 years & 349 days???
77.1%
64 years & 222 days???
45.8%
62 years & 98 days???
31.7%
68 years & 23 days???
28.2%
61 years & 125 days???
20.2%
61 years & 26 days???
16.4%
64 years & 100 days???
13.7%
61 years & 354 days???
12.9%
65 years & 315 days???
10.9%
MINE STATUS???
7.8%
Remove Ads.
Support Sporcle.
Get the best of Sporcle when you Go Orange. This ad-free experience offers more features, more stats, and more fun while also helping to support Sporcle. Thank you for becoming a member.

You're not logged in!

Compare scores with friends on all Sporcle quizzes.
OR
Log In

Show Comments

Extras

Top Quizzes Today


Score Distribution

Your Account Isn't Verified!

In order to create a playlist on Sporcle, you need to verify the email address you used during registration. Go to your Sporcle Settings to finish the process.

Report this User

Report this user for behavior that violates our Community Guidelines.

Details: